000 00883cam a2200241Ma 4500
005 20170608111014.0
008 170427s2009 xxuf fr 001 0 eng d
010 _z2009011951
020 _z9780470451021
035 _a(OCoLC)981896558
040 _aCO-BoUCM
_bspa
_cSandra Palacio
_dSandra Palacio
100 1 _aEsslinger, Hartmut
_d1944-
_985390
245 1 2 _aA fine line
_bhow design strategies are shaping the future of business
_cHartmut Esslinger
260 _aSan Francisco (California, Estados Unidos)
_bJossey-Bass
_cc2009
300 _axiv, 183 páginas
_bláminas
504 _aIncluye referencias bibliográficas e índices
650 1 7 _aDiseño industrial
_913392
650 2 7 _aProductos nuevos
_922462
690 _aAdministración de empresas
_9435
942 _2DEWEY
_cLIBRO
_a16
_e1
_h658.5
_mE789af
041 _aeng
999 _c306361
_d306361